Der praktischen Radioamateur (Record no. 6888)

MARC details
000 -CABECERA
campo de control de longitud fija 00625nam a2200229 a 4500
001 - NÚMERO DE CONTROL
campo de control BRCA_7207
005 - FECHA Y HORA DE LA ÚLTIMA TRANSACCIÓN
campo de control 20190320205742.0
008 - DATOS DE LONGITUD FIJA--INFORMACIÓN GENERAL
campo de control de longitud fija 160112s1924----gw-a######---#000-0#ger-#
041 ## - CÓDIGO DE LENGUA
Código de lengua del texto/banda sonora o título independiente ger
044 ## - CÓDIGO DEL PAÍS DE LA ENTIDAD EDITORA/PRODUCTORA
Código MARC del país gw
050 #4 - SIGNATURA TOPOGRÁFICA DE LA BIBLIOTECA DEL CONGRESO
Número de clasificación TK5745
Número de documento/Ítem .G86 1924
100 1# - ENTRADA PRINCIPAL--NOMBRE DE PERSONA
Nombre de persona Gunther, Hanns
9 (RLIN) 16380
245 10 - MENCIÓN DE TÍTULO
Título Der praktischen Radioamateur
Mención de responsabilidad, etc. Hanns Gunther & Franz Fuchs.
260 ## - PUBLICACIÓN, DISTRIBUCIÓN, ETC.
Lugar de publicación, distribución, etc. Sttuttgart, Alemania
Nombre del editor, distribuidor, etc. Franckhsuhe
Fecha de publicación, distribución, etc. 1924
300 ## - DESCRIPCIÓN FÍSICA
Extensión 419 p.
Otras características físicas il.
Dimensiones 20cm.
500 ## - NOTA GENERAL
Nota general P102
650 14 - PUNTO DE ACCESO ADICIONAL DE MATERIA--TÉRMINO DE MATERIA
Término de materia o nombre geográfico como elemento de entrada Telegrafía inalambrica
9 (RLIN) 17858
650 14 - PUNTO DE ACCESO ADICIONAL DE MATERIA--TÉRMINO DE MATERIA
Término de materia o nombre geográfico como elemento de entrada Telefono inalambrico
9 (RLIN) 17859
700 1# - PUNTO DE ACCESO ADICIONAL--NOMBRE DE PERSONA
Nombre de persona Fuchs, Franz
9 (RLIN) 17860
902 ## - CATALOGADOR
Iniciales GFM
942 ## - ELEMENTOS DE PUNTO DE ACCESO ADICIONAL (KOHA)
Fuente del sistema de clasificación o colocación Library of Congress Classification
Tipo de ítem Koha Libros
Holdings
Estado de retiro Estado de pérdida Estado dañado No para préstamo Localización permanente Ubicación/localización actual Fecha de adquisición Número de inventario Total de préstamos Signatura topográfica completa Código de barras Fecha visto por última vez Precio válido a partir de Tipo de ítem Koha
El ejemplar forma parte de la colección y puede ser consultado según las políticas vigentes.       Biblioteca del Museo Franz Mayer (Rogerio Casas-Alatriste) Biblioteca del Museo Franz Mayer (Rogerio Casas-Alatriste) 16/01/2012 P102   TK5745 .G86 1924 (P102) 7661 22/03/2019 22/03/2019 Libros